[Event "HUN-POL Friendly Match m 2014"]
[Site "Budapest HUN"]
[Date "2014.06.08"]
[Round "1.1"]
[White "Duda, Jan-Krzysztof"]
[Black "Erdos, Viktor"]
[Result "1/2-1/2"]
[WhiteTitle "GM"]
[BlackTitle "GM"]
[WhiteElo "2587"]
[BlackElo "2647"]
[WhiteTeam "Poland"]
[BlackTeam "Hungary"]
[WhiteFideId "1170546"]
[BlackFideId "719978"]
[EventDate "2014.06.08"]

1. e4 e5 2. Nf3 Nc6 3. d4 exd4 4. Nxd4 Nf6 5. Nxc6 bxc6 6. e5 Qe7 7. Qe2 Nd5 8.
c4 Nb6 9. b3 a5 10. Bb2 a4 11. Qe3 axb3 12. axb3 Qb4+ 13. Nd2 Rxa1+ 14. Bxa1 Qa3
15. Bc3 Bc5 16. Qd3 d5 17. exd6 O-O 18. Kd1 cxd6 19. Qg3 f6 20. Bd3 d5 21. Bc2
dxc4 22. Qh4 g6 23. Nxc4 Nxc4 24. Qxc4+ Kg7 25. Bd3 Bd6 26. Re1 Qc5 27. Qxc5
Bxc5 28. f3 Bd7 29. g4 g5 30. Re4 Re8 31. Rc4 Be7 32. Ra4 Be6 33. Kc2 Bd5 34.
Be4 Bxe4+ 35. Rxe4 Kf7 36. f4 gxf4 37. Rxf4 Ke6 38. h3 Rg8 39. Rc4 Kd7 40. Rf4
Ke6 41. Rc4 Kd7 42. Bd2 Rb8 43. Ra4 Rb5 44. Ra7+ Kd6 45. Bf4+ Ke6 46. Rc7 Rc5+
47. Kd3 Rd5+ 48. Ke4 Rc5 49. Bd2 Re5+ 50. Kf3 Rd5 51. Ke2 c5 52. Bh6 f5 53. Rc6+
Kd7 54. Rb6 fxg4 55. hxg4 c4 56. bxc4 Rd4 57. Rb7+ Ke6 58. c5 Bxc5 59. Rg7 Bf8
60. Rxh7 Bxh6 61. Rxh6+ Kf7 62. Kf3 Kg7 63. Ra6 Rb4 64. Kg3 Rb3+ 65. Kh4 Rb5 66.
g5 Rb1 67. g6 Rh1+ 68. Kg5 Rg1+ 69. Kf4 Rxg6 70. Rxg6+ Kxg6 71. Ke4 1/2-1/2

[Event "HUN-POL Friendly Match m 2014"]
[Site "Budapest HUN"]
[Date "2014.06.08"]
[Round "1.2"]
[White "Balogh, Csaba"]
[Black "Socko, Bartosz"]
[Result "1/2-1/2"]
[WhiteTitle "GM"]
[BlackTitle "GM"]
[WhiteElo "2648"]
[BlackElo "2622"]
[WhiteTeam "Hungary"]
[BlackTeam "Poland"]
[WhiteFideId "718939"]
[BlackFideId "1107038"]
[EventDate "2014.06.08"]

1. e4 e5 2. Nf3 Nc6 3. Bb5 a6 4. Ba4 Nf6 5. O-O b5 6. Bb3 Bb7 7. d3 Be7 8. Nc3
O-O 9. a3 d6 10. Re1 Na5 11. Ba2 c5 12. b4 Nc6 13. Nd5 Nxd5 14. Bxd5 Qc7 15. c3
cxb4 16. axb4 a5 17. Bd2 axb4 18. cxb4 Rxa1 19. Qxa1 Ra8 20. Qc3 Qd7 21. Rc1 Rc8
22. Qb3 Nd8 23. Rxc8 Qxc8 24. d4 Bf6 25. Bxb7 Qxb7 26. d5 Be7 27. Ne1 g6 28. Nc2
f5 29. exf5 gxf5 30. Qd3 Nf7 31. Ne3 f4 32. Nf5 Bf8 33. g3 Nh6 34. Nxh6+ Bxh6
35. gxf4 exf4 36. Qe4 Qg7+ 37. Kf1 Qe5 38. Qxe5 dxe5 39. f3 Kf7 40. Ke2 e4 41.
Bc3 e3 42. Be5 Kg6 43. d6 Kf7 44. h4 Ke6 45. Kd3 Kd7 46. Ke2 Ke6 47. Kd3 Kd7 48.
Ke4 1/2-1/2

[Event "HUN-POL Friendly Match m 2014"]
[Site "Budapest HUN"]
[Date "2014.06.08"]
[Round "1.6"]
[White "Rapport, Richard"]
[Black "Swiercz, Dariusz"]
[Result "1/2-1/2"]
[WhiteTitle "GM"]
[BlackTitle "GM"]
[WhiteElo "2701"]
[BlackElo "2613"]
[WhiteTeam "Hungary"]
[BlackTeam "Poland"]
[WhiteFideId "738590"]
[BlackFideId "1126881"]
[EventDate "2014.06.08"]

1. e4 c5 2. d3 Nc6 3. Be2 d6 4. f4 g6 5. Nf3 Bg7 6. O-O e6 7. c3 Nge7 8. Na3 O-O
9. d4 b6 10. Be3 cxd4 11. cxd4 Bb7 12. Rc1 Rc8 13. Qe1 a6 14. Kh1 b5 15. Rd1 Nb8
16. Bd3 Nd7 17. Bf2 Nf6 18. Bh4 Qd7 19. Nb1 Rce8 20. Nfd2 Nh5 21. g4 Nf6 22. h3
Kh8 23. Nb3 Nfg8 24. a3 f5 25. Nc3 Nf6 26. Bxf6 Bxf6 27. Kh2 Bg7 28. Qg3 fxe4
29. Bxe4 Bxe4 30. Nxe4 Nd5 31. h4 Re7 32. Rd2 b4 33. axb4 Qb5 34. Rf3 Qxb4 35.
Nc1 Ref7 36. Ne2 e5 37. Rb3 Qa5 38. Ra3 Qb4 39. Rb3 Qa5 40. Ra3 Qb4 1/2-1/2

[Event "HUN-POL Friendly Match m 2014"]
[Site "Budapest HUN"]
[Date "2014.06.10"]
[Round "3.1"]
[White "Duda, Jan-Krzysztof"]
[Black "Balogh, Csaba"]
[Result "1/2-1/2"]
[WhiteTitle "GM"]
[BlackTitle "GM"]
[WhiteElo "2587"]
[BlackElo "2648"]
[WhiteTeam "Poland"]
[BlackTeam "Hungary"]
[WhiteFideId "1170546"]
[BlackFideId "718939"]
[EventDate "2014.06.08"]

1. e4 e5 2. Nf3 Nc6 3. Bb5 Nf6 4. d3 Bc5 5. c3 O-O 6. O-O Re8 7. b4 Bb6 8. Bc4
d6 9. a4 a6 10. Bg5 h6 11. Bh4 Be6 12. Nbd2 Qe7 13. Bb3 Bxb3 14. Qxb3 a5 15. b5
Nb8 16. Nc4 Nbd7 17. Nfd2 Qe6 18. Nxb6 Qxb3 19. Nxb3 cxb6 20. f3 Rac8 21. c4 Nh5
22. Bf2 Nf4 23. Rfd1 Nc5 24. Nc1 f6 25. Be3 Ng6 26. Ne2 Kf7 27. Kf2 Ne7 28. d4
exd4 29. Bxd4 Red8 30. Nf4 g5 31. Nd3 Ng6 32. Nb2 Ne5 33. Ra3 Ke7 34. Ke2 Rc7
35. Rc1 Rdc8 36. Nd1 Ne6 37. Bxe5 dxe5 38. Ne3 Kf7 39. Rac3 Rd7 40. Nd5 Rd6 41.
Ke3 h5 42. Nxb6 Rxb6 43. c5 Nxc5 44. Rxc5 Rxc5 45. Rxc5 Rd6 46. Rc7+ Kg6 47.
Rxb7 Rd4 48. b6 Rxa4 49. Rb8 Rb4 50. b7 Kg7 51. Kf2 1/2-1/2

[Event "HUN-POL Friendly Match m 2014"]
[Site "Budapest HUN"]
[Date "2014.06.10"]
[Round "3.2"]
[White "Erdos, Viktor"]
[Black "Swiercz, Dariusz"]
[Result "1/2-1/2"]
[WhiteTitle "GM"]
[BlackTitle "GM"]
[WhiteElo "2647"]
[BlackElo "2613"]
[WhiteTeam "Hungary"]
[BlackTeam "Poland"]
[WhiteFideId "719978"]
[BlackFideId "1126881"]
[EventDate "2014.06.08"]

1. d4 Nf6 2. c4 e6 3. Nc3 Bb4 4. Qc2 O-O 5. Nf3 c5 6. dxc5 Na6 7. g3 Nxc5 8. Bg2
b6 9. O-O Bb7 10. Nb5 Be4 11. Qd1 Nb7 12. Bf4 a6 13. Nd6 Bxd6 14. Bxd6 Nxd6 15.
Qxd6 Qb8 16. Rfd1 Rc8 17. Ne5 Bxg2 18. Kxg2 Qb7+ 19. f3 Rc7 20. b3 Ne8 21. Qd4
d6 22. Nd3 Rac8 23. a4 Rd7 24. Rac1 Rdd8 25. Nb4 h6 26. e4 Nc7 27. Nc2 a5 28.
Rd2 d5 29. cxd5 exd5 30. Ne3 dxe4 31. Qxd8+ Rxd8 32. Rxd8+ Kh7 33. Rd7 exf3+ 34.
Kh3 Qe4 35. Rcxc7 Qe6+ 36. g4 Qxe3 37. Rxf7 f2+ 38. Kg2 Qe2 39. Rxg7+ Kh8 40.
Rh7+ Kg8 41. Rhg7+ Kh8 42. Rh7+ Kg8 43. Rcg7+ Kf8 44. Rf7+ Kg8 45. Rhg7+ Kh8 46.
Rh7+ 1/2-1/2

[Event "HUN-POL Friendly Match m 2014"]
[Site "Budapest HUN"]
[Date "2014.06.10"]
[Round "3.4"]
[White "Berkes, Ferenc"]
[Black "Bartel, Mateusz"]
[Result "1/2-1/2"]
[WhiteTitle "GM"]
[BlackTitle "GM"]
[WhiteElo "2665"]
[BlackElo "2641"]
[WhiteTeam "Hungary"]
[BlackTeam "Poland"]
[WhiteFideId "718572"]
[BlackFideId "1112635"]
[EventDate "2014.06.08"]

1. d4 d5 2. c4 e6 3. Nc3 c6 4. e3 Bd6 5. Bd3 f5 6. f4 Nf6 7. Nf3 O-O 8. O-O b6
9. Bd2 Ba6 10. Qe2 Nbd7 11. cxd5 Bxd3 12. Qxd3 Nxd5 13. Rac1 N7f6 14. Be1 Qd7
15. Bh4 Rac8 16. Bxf6 Nxf6 17. Rfd1 b5 18. Ne5 Qb7 19. Qe2 a6 20. Nd3 c5 21.
dxc5 Bxc5 22. Na4 Ba7 23. Nac5 Qe7 24. b4 Ne4 25. Qc2 Rfd8 26. Qb3 Nxc5 27. Nxc5
Rxd1+ 28. Rxd1 Bxc5 29. bxc5 Rc6 30. Rc1 Rxc5 31. Rxc5 Qxc5 32. Qxe6+ 1/2-1/2

[Event "HUN-POL Friendly Match m 2014"]
[Site "Budapest HUN"]
[Date "2014.06.11"]
[Round "4.1"]
[White "Erdos, Viktor"]
[Black "Socko, Bartosz"]
[Result "1-0"]
[WhiteTitle "GM"]
[BlackTitle "GM"]
[WhiteElo "2647"]
[BlackElo "2622"]
[WhiteTeam "Hungary"]
[BlackTeam "Poland"]
[WhiteFideId "719978"]
[BlackFideId "1107038"]
[EventDate "2014.06.08"]

1. Nf3 d5 2. d4 Nf6 3. c4 e6 4. Nc3 Bb4 5. cxd5 exd5 6. Bg5 h6 7. Bh4 O-O 8. e3
Re8 9. Rc1 c6 10. Bd3 Bd6 11. O-O Bg4 12. Qb3 Qb6 13. Bxf6 Qxb3 14. axb3 gxf6
15. Nh4 Nd7 16. Bf5 Bxf5 17. Nxf5 Bf8 18. g4 a5 19. Rc2 Ra6 20. Ra1 Kh7 21. Kg2
Rea8 22. Na4 Bb4 23. Rd1 Nf8 24. f4 Ne6 25. Kf3 Bf8 26. h4 b5 27. Nc3 a4 28.
bxa4 bxa4 29. Ne2 Rb8 30. Neg3 Ng7 31. Nxg7 Bxg7 32. Rdc1 Rbb6 33. Nh5 Bh8 34.
f5 Bg7 35. Kf4 Kg8 36. Rg1 Kf8 37. Re1 Kg8 38. Rh1 Rb3 39. Ra1 Kh8 40. Re1 Rab6
41. Ree2 Kh7 42. Rg2 Rd3 43. g5 fxg5+ 44. hxg5 c5 45. Nxg7 cxd4 46. f6 Kg6 47.
Nf5 dxe3 48. Ne7+ Kh7 49. Rh2 1-0

[Event "HUN-POL Friendly Match m 2014"]
[Site "Budapest HUN"]
[Date "2014.06.11"]
[Round "4.2"]
[White "Gajewski, Grzegorz"]
[Black "Berkes, Ferenc"]
[Result "1-0"]
[WhiteTitle "GM"]
[BlackTitle "GM"]
[WhiteElo "2650"]
[BlackElo "2665"]
[WhiteTeam "Poland"]
[BlackTeam "Hungary"]
[WhiteFideId "1116207"]
[BlackFideId "718572"]
[EventDate "2014.06.08"]

1. d4 Nf6 2. c4 e6 3. Nc3 Bb4 4. e3 O-O 5. Bd3 c5 6. Nf3 Nc6 7. O-O Bxc3 8. bxc3
d6 9. e4 e5 10. d5 Ne7 11. Nh4 h6 12. Qf3 Ng6 13. Nf5 Bxf5 14. Qxf5 Rc8 15. a4
Rc7 16. Bd2 Ne7 17. Qf3 Nh7 18. Qe2 g5 19. h4 f5 20. exf5 Nxf5 21. hxg5 Nxg5 22.
Qg4 Ng7 23. f4 exf4 24. Bxf4 Rcf7 25. Rae1 b6 26. g3 Qf6 27. Re3 Re8 28. Rxe8+
Nxe8 29. Kg2 Qxc3 30. Bxg5 hxg5 31. Qe6 Qb2+ 32. Be2 Nf6 33. Rf2 g4 34. Bd3 Qe5
35. Bg6 Qxe6 36. dxe6 Rf8 37. e7 1-0

[Event "HUN-POL Friendly Match m 2014"]
[Site "Budapest HUN"]
[Date "2014.06.11"]
[Round "4.4"]
[White "Bartel, Mateusz"]
[Black "Rapport, Richard"]
[Result "1/2-1/2"]
[WhiteTitle "GM"]
[BlackTitle "GM"]
[WhiteElo "2641"]
[BlackElo "2701"]
[WhiteTeam "Poland"]
[BlackTeam "Hungary"]
[WhiteFideId "1112635"]
[BlackFideId "738590"]
[EventDate "2014.06.08"]

1. e4 e6 2. d4 d5 3. Nc3 Bb4 4. e5 c5 5. Bd2 Ne7 6. a3 Bxc3 7. Bxc3 Nbc6 8. Nf3
cxd4 9. Nxd4 Nxe5 10. Nxe6 Bxe6 11. Bxe5 O-O 12. Bd3 Nc6 13. Bg3 Qf6 14. Rb1
Rfe8 15. O-O Bf5 16. Qf3 Bxd3 17. Qxd3 h5 18. h3 h4 19. Bh2 Rad8 20. Rfe1 Re4
21. Re3 g6 22. c3 Rxe3 23. Qxe3 d4 24. cxd4 Qxd4 25. Bf4 f6 26. Qb3+ Kh8 27.
Qxb7 Qxf4 28. Qxc6 Qd4 29. b4 Kg7 30. a4 g5 31. Qe6 Kg6 32. a5 Qd3 33. Rc1 a6
34. Rc6 Qd1+ 35. Kh2 Qd4 36. Qe3 Qxb4 37. Rxa6 Qb8+ 38. g3 hxg3+ 39. Qxg3 Qxg3+
40. Kxg3 Rd3+ 41. f3 Ra3 42. Ra8 Kf5 43. a6 Ke5 1/2-1/2

[Event "HUN-POL Friendly Match m 2014"]
[Site "Budapest HUN"]
[Date "2014.06.12"]
[Round "5.2"]
[White "Balogh, Csaba"]
[Black "Gajewski, Grzegorz"]
[Result "1/2-1/2"]
[WhiteTitle "GM"]
[BlackTitle "GM"]
[WhiteElo "2648"]
[BlackElo "2650"]
[WhiteTeam "Hungary"]
[BlackTeam "Poland"]
[WhiteFideId "718939"]
[BlackFideId "1116207"]
[EventDate "2014.06.08"]

1. e4 c5 2. Nf3 d6 3. Bb5+ Nd7 4. O-O a6 5. Bd3 Ngf6 6. Re1 b5 7. c4 Ne5 8. Bf1
Nxc4 9. a4 Bd7 10. d4 cxd4 11. Nxd4 e5 12. axb5 exd4 13. Bxc4 axb5 14. Rxa8 Qxa8
15. Bb3 Be7 16. Qxd4 O-O 17. Nc3 Bc6 18. Bf4 Re8 19. f3 b4 20. Nd5 Nxd5 21. exd5
Bg5 22. Rxe8+ Qxe8 23. Kf2 Bf6 24. Qe3 Ba4 25. Qxe8+ Bxe8 26. Bxd6 Bxb2 27. Bxb4
Bd4+ 28. Ke2 Bb5+ 29. Kd2 g5 30. Bc3 Bc5 31. Be5 Kf8 32. Bc2 h5 33. Bd3 Bd7 34.
d6 f6 35. Bxf6 Bxd6 36. Bxg5 Bxh2 37. Bg6 Be8 38. Bh6+ Ke7 39. Bg5+ Kf8 40. Bxe8
Kxe8 41. Ke3 Kf7 42. Ke4 Ke6 43. Bf4 Bg1 44. Be3 Bh2 45. f4 Bg3 46. Bd4 Bh4 47.
f5+ Kf7 48. Kf4 Bd8 49. Bh8 Kg8 50. Be5 Kf7 51. Ke4 Be7 52. Bf4 Bd8 53. Bh6 Be7
54. Kf4 Bd8 55. Bg5 Bc7+ 56. Kf3 Bd6 57. Bf4 Be7 58. Be5 Bd8 59. Ke4 Be7 60. Bh8
Kg8 61. f6 Bf8 62. Bg7 Bxg7 63. fxg7 Kxg7 64. Kf5 Kh6 65. g3 h4 66. gxh4 Kh5 67.
Kf4 Kxh4 1/2-1/2

[Event "HUN-POL Friendly Match m 2014"]
[Site "Budapest HUN"]
[Date "2014.06.12"]
[Round "5.3"]
[White "Socko, Bartosz"]
[Black "Berkes, Ferenc"]
[Result "1/2-1/2"]
[WhiteTitle "GM"]
[BlackTitle "GM"]
[WhiteElo "2622"]
[BlackElo "2665"]
[WhiteTeam "Poland"]
[BlackTeam "Hungary"]
[WhiteFideId "1107038"]
[BlackFideId "718572"]
[EventDate "2014.06.08"]

1. e4 c6 2. d4 d5 3. Nc3 dxe4 4. Nxe4 Bf5 5. Ng3 Bg6 6. Nh3 e6 7. Nf4 Qc7 8. c3
Nf6 9. h4 Bd6 10. Qf3 Nbd7 11. h5 Bc2 12. h6 gxh6 13. Bd3 Bxd3 14. Nxd3 Rg8 15.
Nh5 Ng4 16. Bd2 O-O-O 17. Qxf7 c5 18. Qxh7 Qc6 19. f3 Nh2 20. O-O-O Rxg2 21.
dxc5 Nxf3 22. cxd6 Rxd2 23. Qxh6 Qxd6 24. Rxd2 Nxd2 25. Nhf4 Nc4 26. Qxe6 Qxe6
27. Nxe6 Re8 28. Ndf4 Nce5 29. Rh6 b6 30. Kc2 Kb7 31. b4 Rg8 32. Rh7 Rg3 33. a4
a6 34. Nd4 Kc8 35. Rh6 Kb7 36. Nf5 Rg4 37. Nd6+ Ka7 38. Nd5 Rg2+ 39. Kb3 Rg6 40.
Rxg6 Nxg6 41. Kc4 Nge5+ 42. Kd4 Nc6+ 43. Ke4 a5 44. b5 Nd8 45. Kf5 Kb8 46. Nc4
Ka7 47. Nd6 Kb8 48. Ne4 Nb7 49. Ke6 Ndc5+ 50. Nxc5 Nxc5+ 51. Kd6 Kb7 52. c4 Nxa4
53. Ke5 Nc5 54. Kd4 Ne6+ 55. Kc3 Nc5 1/2-1/2

[Event "HUN-POL Friendly Match m 2014"]
[Site "Budapest HUN"]
[Date "2014.06.12"]
[Round "5.4"]
[White "Rapport, Richard"]
[Black "Duda, Jan-Krzysztof"]
[Result "1/2-1/2"]
[WhiteTitle "GM"]
[BlackTitle "GM"]
[WhiteElo "2701"]
[BlackElo "2587"]
[WhiteTeam "Hungary"]
[BlackTeam "Poland"]
[WhiteFideId "738590"]
[BlackFideId "1170546"]
[EventDate "2014.06.08"]

1. d4 Nf6 2. c4 e6 3. Nf3 b6 4. Bf4 Bb7 5. e3 Be7 6. h3 c5 7. dxc5 bxc5 8. Be2
O-O 9. Nc3 Qb6 10. Qc2 Nc6 11. Rd1 d5 12. O-O Nb4 13. Qb1 Rfd8 14. a3 Nc6 15.
cxd5 exd5 16. Ng5 h6 17. Nxd5 Rxd5 18. Rxd5 hxg5 19. Rxg5 Nd8 20. Be5 Ne6 21.
Bxf6 Bxf6 22. Rg4 Bxb2 23. Bc4 Rd8 24. Qc2 Bf6 25. Rb1 Qc7 26. Qf5 Kf8 27. h4
Bc8 28. Qh7 Ke7 29. Qc2 g6 30. Ba2 Kf8 31. Rc1 Qe7 32. Qe4 Nc7 33. Qxe7+ Bxe7
34. Rf4 Be6 35. Bxe6 Nxe6 36. Ra4 Rd7 37. Kf1 Rb7 38. Ke2 Nc7 39. Rc2 Nd5 40. g3
Ke8 41. Re4 Kd7 42. g4 Kc6 43. h5 Nf6 44. Rf4 gxh5 45. gxh5 Rb8 46. h6 Rh8 47.
Ra4 Nd5 48. Rxa7 Nc7 49. Rb2 Rxh6 50. Rab7 Kd7 51. R7b6 Rh1 52. Rb1 Rh4 53. Rg1
Nd5 54. Ra6 Nc3+ 55. Kd3 Ne4 56. f4 Nd6 57. a4 Rh2 58. Rd1 f5 59. Rd2 c4+ 60.
Kc2 Rh3 61. Ra5 Rxe3 62. Rxf5 Ra3 63. Ra5 Kc6 64. Re2 Bf8 65. Ree5 Ra2+ 66. Kb1
Rf2 67. f5 Rf1+ 68. Kc2 Rf2+ 69. Kd1 c3 70. Rac5+ Kd7 71. Red5 Bg7 72. a5 Ra2
73. Rd3 c2+ 1/2-1/2

[Event "HUN-POL Friendly Match m 2014"]
[Site "Budapest HUN"]
[Date "2014.06.13"]
[Round "6.1"]
[Board "2"]
[White "Erdos, Viktor"]
[Black "Gajewski, Grzegorz"]
[Result "1/2-1/2"]
[WhiteTitle "GM"]
[BlackTitle "GM"]
[WhiteElo "2647"]
[BlackElo "2650"]
[WhiteTeam "Hungary"]
[BlackTeam "Poland"]
[WhiteFideId "719978"]
[BlackFideId "1116207"]
[EventDate "2014.06.08"]

1. d4 Nf6 2. c4 e6 3. g3 Bb4+ 4. Bd2 Be7 5. Bg2 d5 6. Nf3 O-O 7. O-O c6 8. Qc2
Nbd7 9. Bf4 b6 10. Rd1 Bb7 11. Nc3 dxc4 12. Nd2 Nd5 13. Nxc4 Nxf4 14. gxf4 Qc7
15. e3 Rad8 16. Rac1 c5 17. d5 exd5 18. Nxd5 Bxd5 19. Rxd5 b5 20. Ne5 Nxe5 21.
Rxe5 Bd6 22. Rd5 Be7 23. Re5 Bd6 24. Rd5 Be7 25. Re5 Bd6 1/2-1/2

[Event "HUN-POL Friendly Match m 2014"]
[Site "Budapest HUN"]
[Date "2014.06.13"]
[Round "6.2"]
[Board "6"]
[White "Bartel, Mateusz"]
[Black "Balogh, Csaba"]
[Result "1/2-1/2"]
[WhiteTitle "GM"]
[BlackTitle "GM"]
[WhiteElo "2641"]
[BlackElo "2648"]
[WhiteTeam "Poland"]
[BlackTeam "Hungary"]
[WhiteFideId "1112635"]
[BlackFideId "718939"]
[EventDate "2014.06.08"]

1. e4 e5 2. Nf3 Nc6 3. Bb5 Nf6 4. d3 Bc5 5. Nc3 O-O 6. Bxc6 dxc6 7. Bg5 h6 8.
Bh4 Bg4 9. h3 Bxf3 10. Qxf3 Be7 11. g4 Nd7 12. Bg3 Bh4 13. O-O-O Re8 14. Kb1 Nf8
15. Ne2 c5 16. Qe3 Bxg3 17. Qxg3 Ne6 18. h4 f6 19. Rdg1 a5 20. Qe3 Ra6 21. Ng3
Qd4 22. Qc1 c4 23. Nf5 Qxf2 24. g5 fxg5 25. hxg5 cxd3 26. gxh6 Qxc2+ 27. Qxc2
dxc2+ 28. Kxc2 g5 29. Ng7 Nxg7 30. Rxg5 Re7 31. hxg7 1/2-1/2

[Event "HUN-POL Friendly Match m 2014"]
[Site "Budapest HUN"]
[Date "2014.06.13"]
[Round "6.3"]
[Board "1"]
[White "Berkes, Ferenc"]
[Black "Swiercz, Dariusz"]
[Result "1/2-1/2"]
[WhiteTitle "GM"]
[BlackTitle "GM"]
[WhiteElo "2665"]
[BlackElo "2613"]
[WhiteTeam "Hungary"]
[BlackTeam "Poland"]
[WhiteFideId "718572"]
[BlackFideId "1126881"]
[EventDate "2014.06.08"]

1. Nf3 Nf6 2. g3 g6 3. Bg2 Bg7 4. O-O O-O 5. d4 d5 6. c4 c6 7. cxd5 cxd5 8. Nc3
Ne4 9. e3 Nxc3 10. bxc3 Nc6 11. Nd2 Be6 12. a4 Rc8 13. Ba3 Qd7 14. Nb3 b6 15. a5
Nxa5 16. Nxa5 bxa5 17. Bc5 Rxc5 18. dxc5 Rc8 19. Rxa5 Bxc3 20. Ra6 Rxc5 21. Qb3
d4 22. Qb8+ Rc8 23. Qxa7 dxe3 24. fxe3 Bd2 25. Kh1 Qxa7 26. Rxa7 Bxe3 27. Rxe7
h5 28. Rxe6 fxe6 29. Bh3 Kg7 30. Bxe6 Rc1 31. Rxc1 Bxc1 32. Kg2 1/2-1/2

[Event "HUN-POL Friendly Match m 2014"]
[Site "Budapest HUN"]
[Date "2014.06.13"]
[Round "6.4"]
[Board "5"]
[White "Socko, Bartosz"]
[Black "Rapport, Richard"]
[Result "0-1"]
[WhiteTitle "GM"]
[BlackTitle "GM"]
[WhiteElo "2622"]
[BlackElo "2701"]
[WhiteTeam "Poland"]
[BlackTeam "Hungary"]
[WhiteFideId "1107038"]
[BlackFideId "738590"]
[EventDate "2014.06.08"]

1. e4 c5 2. Nf3 a6 3. c4 Nc6 4. d4 cxd4 5. Nxd4 e5 6. Nxc6 dxc6 7. Qxd8+ Kxd8 8.
Be3 Kc7 9. Nc3 Nf6 10. f3 Be6 11. c5 g6 12. Na4 Nd7 13. Bd3 Rd8 14. Ke2 f5 15.
Bg5 Re8 16. Rhc1 h5 17. h4 Be7 18. Bxe7 Rxe7 19. b4 Rg8 20. Nc3 Nf6 21. Rd1 Rd8
22. Bc2 Rd4 23. Rab1 Rc4 24. Rb3 a5 25. bxa5 Nd7 26. Ra3 Nxc5 27. Bb1 Re8 28. g3
Ra8 29. Ke3 Rf8 30. exf5 gxf5 31. Ne2 Ra8 32. f4 e4 33. Rd4 Rxd4 34. Nxd4 Kd6
35. Bc2 Bd7 36. Bd1 Rg8 37. Kd2 Nd3 38. Ne2 Be6 39. a6 bxa6 40. Rxa6 Nb4 41. Ra5
c5 42. Ra7 Kc6 43. Ke1 Bc4 44. Rh7 Bxe2 45. Kxe2 Rxg3 46. Rxh5 Kd5 47. Rxf5+ Kd4
48. h5 Rh3 49. Kf2 Rh1 50. Bg4 c4 51. Rf8 c3 52. Rd8+ Nd5 53. Be6 e3+ 54. Kf3
Rf1+ 55. Ke2 Rf2+ 56. Ke1 c2 57. Rxd5+ Ke4 58. Rc5 Rh2 59. h6 Rh1+ 60. Ke2 c1=N+
61. Rxc1 Rxc1 62. Bb3 Rh1 63. h7 Rh2+ 64. Ke1 Kd3 65. Bd5 Rxh7 66. Bc6 Rh5 67.
a4 Rf5 68. Bb5+ Kd4 69. Bf1 Rc5 70. Ke2 Ke4 71. Bg2+ Kd4 72. Kf3 Rc2 73. Bh3
Rf2+ 74. Kg3 Rxf4 0-1